000
00301nam a22001337a 4500
020
_a
81-219-0504-4
082
_a
824
_b
MAR/S
100
_a
MARTIN,H
245
_a
JUNIOR ESSAYS
260
_a
NEW DELHI
_b
S CHAND & COMPANY LTD.
300
_a
244
650
_a
ENGLISH COMPOSITION
_z
NEW DELHI
942
_c
BK
999
_c
3675
_d
3675